| 000 | 00317nam a2200121Ia 4500 | ||
|---|---|---|---|
| 005 | 20260330112750.0 | ||
| 008 | 260330s9999||||xx |||||||||||||| ||und|| | ||
| 020 | _a9789587585292 | ||
| 041 | _aspa | ||
| 100 | _aOsorio Villada, Andrea | ||
| 245 | 0 |
_aTomatina Curatodo, Cura Nada Sin Amor / _cMaria Del Sol |
|
| 942 | _cBKL | ||
| 999 |
_c3476 _d3476 |
||